<?xml version="1.0" encoding="UTF-8"?>
<record
    xmlns:xsi="http://www.w3.org/2001/XMLSchema-instance"
    xsi:schemaLocation="http://www.loc.gov/MARC21/slim http://www.loc.gov/standards/marcxml/schema/MARC21slim.xsd"
    xmlns="http://www.loc.gov/MARC21/slim">

  <leader>01668nab a22002297a 4500</leader>
  <datafield tag="999" ind1=" " ind2=" ">
    <subfield code="c">5965</subfield>
    <subfield code="d">5965</subfield>
  </datafield>
  <controlfield tag="003">OSt</controlfield>
  <controlfield tag="005">20260114140828.0</controlfield>
  <controlfield tag="008">190605e        xxu||||| |||| 00| 0 spa d</controlfield>
  <datafield tag="040" ind1=" " ind2=" ">
    <subfield code="c">PJ</subfield>
  </datafield>
  <datafield tag="100" ind1=" " ind2=" ">
    <subfield code="9">6169</subfield>
    <subfield code="a">Mosquera, Gerardo Ra&#xFA;l</subfield>
  </datafield>
  <datafield tag="245" ind1="1" ind2="3">
    <subfield code="a">El juego de las diferencias. &#xBF;Indemnizaciones agravadas o multas? /</subfield>
    <subfield code="c">Gerardo R. Mosquera. </subfield>
  </datafield>
  <datafield tag="260" ind1=" " ind2=" ">
    <subfield code="a">Ciudad Aut&#xF3;noma de Buenos Aires :</subfield>
    <subfield code="b">Thomson Reuters La Ley,</subfield>
    <subfield code="c">2024.</subfield>
  </datafield>
  <datafield tag="300" ind1=" " ind2=" ">
    <subfield code="a">p. 56-71</subfield>
  </datafield>
  <datafield tag="500" ind1=" " ind2=" ">
    <subfield code="a">Cita: TR LALEY AR/DOC/2628/2024.

</subfield>
  </datafield>
  <datafield tag="505" ind1=" " ind2=" ">
    <subfield code="a">Sumario: I. Introducci&#xF3;n.&#x2014; II. El conflicto de la retroactividad: sentencias divergentes.&#x2014; III. Indemnizaciones derogadas: an&#xE1;lisis y clasificaci&#xF3;n.&#x2014; IV. Interpretaci&#xF3;n jur&#xED;dica: discusi&#xF3;n conceptual y terminol&#xF3;gica.&#x2014; V. Presunci&#xF3;n de da&#xF1;o y responsabilidad objetiva.&#x2014; VI. Indemnizaciones y causas de justificaci&#xF3;n: an&#xE1;lisis y redacci&#xF3;n correcta.&#x2014; VII. Poder del lenguaje y su influencia en el derecho.&#x2014; VIII. An&#xE1;lisis del art. 132 bis de la LCT, el art. 2&#xB0; de la ley 25.323 y el art. 9&#xB0; de la ley 25.013.&#x2014; IX. An&#xE1;lisis del sistema de multas en el Pacto Federal del Trabajo (ley 25.212).&#x2014; X. Indemnizaciones vs. Multas.&#x2014; XI. Doctrina legal de la SCBA sobre la naturaleza de las indemnizaciones previstas en la ley 24.013.&#x2014; XII. A modo de cierre. </subfield>
  </datafield>
  <datafield tag="505" ind1=" " ind2=" ">
    <subfield code="t">&#xBF;Te interesa el texto completo? Solicitalo al correo: koha@justierradelfuego.gov.ar</subfield>
  </datafield>
  <datafield tag="650" ind1=" " ind2="0">
    <subfield code="9">1316</subfield>
    <subfield code="a">DERECHO LABORAL</subfield>
  </datafield>
  <datafield tag="650" ind1=" " ind2="0">
    <subfield code="9">1382</subfield>
    <subfield code="a">INDEMNIZACION</subfield>
  </datafield>
  <datafield tag="650" ind1=" " ind2="0">
    <subfield code="9">2488</subfield>
    <subfield code="a">MULTA</subfield>
  </datafield>
  <datafield tag="773" ind1="0" ind2=" ">
    <subfield code="0">2711</subfield>
    <subfield code="9">3168</subfield>
    <subfield code="d">Ciudad Aut&#xF3;noma de Buenos Aires : Thomson Reuters La Ley, 1999-2002.</subfield>
    <subfield code="t">Revista de derecho del trabajo. N&#xBA; 6 - Noviembre 2024</subfield>
  </datafield>
  <datafield tag="942" ind1=" " ind2=" ">
    <subfield code="2">udc</subfield>
    <subfield code="c">ANA</subfield>
  </datafield>
</record>
